000 00534nam a22001697a 4500
999 _c9078
_d9078
008 210322b ||||| |||| 00| 0 eng d
040 _aBMS College of Architecture
100 _aC, R, Krishnan, Anish
245 _aThe concorde nest - A five star hotel in Bangalore
300 _aNA
500 _a1BM04AT005
502 _8B.Arch
_NBMS College of Architecture, Visvesvaraya Technological University
_aProject report
_d2012
650 _aHotel
700 _aShobha M N
_eGuide
700 _aK R Madhu Chand
_eGuide
942 _2ddc
_cTHE